00333nam a2200133Ia 4500008004100000020001500041041001200056082001600068100001500084245005100099260002500150300000800175650001600183221030s9999 xx 000 0 und d a8120304179 aEnglish a105.23bMan aM. M. Mano 0aDigital Logic & Computer Designcby M. M. Mano bPHIaNew Delhic2000 a612 aBE Computer